[Event "Bundesliga 2324"]
[Site "Germany"]
[Date "2024.03.17"]
[Round "13.7"]
[White "Hampel, Felix"]
[Black "Buhmann, Rainer"]
[Result "1/2-1/2"]
[WhiteElo "2308"]
[BlackElo "2563"]
[PlyCount "145"]
[EventDate "2023.10.21"]
[EventType "team-tourn"]
[EventRounds "15"]
[EventCountry "GER"]
[SourceTitle "CB13_2024"]
[SourceDate "2024.03.27"]
[SourceVersion "1"]
[SourceVersionDate "2024.03.27"]
[SourceQuality "1"]
[WhiteTeam "Lister Turm"]
[BlackTeam "Viernheim"]
[WhiteTeamCountry "GER"]
[BlackTeamCountry "GER"]

1. c4 e6 2. Nf3 d5 3. e3 Nf6 4. Nc3 Be7 5. b3 0-0 6. Bb2 b6 7. cxd5 Nxd5 8. Nxd5 exd5 9. Rc1 a5 10. Qc2 c5 11. d4 Nc6 12. Be2 Nb4 13. Qb1 g6 14. Bc3 Bf5 15. Qb2 Nd3+ 16. Bxd3 Bxd3 17. Ne5 Ba6 18. Nc6 Qd7 19. Nxe7+ Qxe7 20. dxc5 Qe4 21. Rg1 bxc5 22. Bg7 Rfe8 23. Bh6 d4 24. g4 Qe5 25. Rg3 g5 26. Rh3 Rad8 27. Qb1 Qd5 28. Rh5 Re5 29. Bxg5 Qh1+ 30. Kd2 dxe3+ 31. Kc3 Rd3+ 32. Kb2 Qd5 33. Bxe3 c4 34. bxc4 Qd6 35. Ka1 Rxh5 36. gxh5 f6 37. c5 Qe5+ 38. Qb2 Kf7 39. Qxe5 fxe5 40. Kb2 a4 41. Rg1 Bb7 42. Rg4 Bc6 43. h6 Kf6 44. Rg7 a3+ 45. Kc2 Be4 46. Kc1 Ke6 47. Ra7 Kd5 48. Ra6 Rc3+ 49. Kd1 Bb1 50. Bc1 Bxa2 51. Bxa3 Bc4 52. Ra7 Rf3 53. Ke1 Kc6 54. Bc1 Rf7 55. Ra5 Rb7 56. Be3 Rb1+ 57. Kd2 Rb2+ 58. Kc3 Ra2 59. Rxa2 Bxa2 60. Kd3 Bd5 61. Ke2 Kd7 62. Bg5 Ke6 63. Kd3 e4+ 64. Ke3 Bc6 65. Bf4 Bb7 66. Kd4 Bc6 67. Kc4 Kd7 68. Be3 Ke6 69. Kb4 Kd7 70. Ka5 Bd5 71. Kb5 Bc6+ 72. Kc4 Ke6 73. Kb4 1/2-1/2

[Event "Bundesliga 2324"]
[Site "Germany"]
[Date "2024.03.16"]
[Round "12.7"]
[White "Graf, Alexander"]
[Black "Hampel, Felix"]
[Result "1/2-1/2"]
[WhiteElo "2523"]
[BlackElo "2308"]
[PlyCount "110"]
[EventDate "2023.10.21"]
[EventType "team-tourn"]
[EventRounds "15"]
[EventCountry "GER"]
[SourceTitle "CB13_2024"]
[SourceDate "2024.03.27"]
[SourceVersion "1"]
[SourceVersionDate "2024.03.27"]
[SourceQuality "1"]
[WhiteTeam "Deizisau"]
[BlackTeam "Lister Turm"]
[WhiteTeamCountry "GER"]
[BlackTeamCountry "GER"]

1. Nf3 Nf6 2. c4 g6 3. b3 Bg7 4. Bb2 0-0 5. g3 c5 6. Bg2 d6 7. d4 d5 8. Nbd2 cxd4 9. Nxd4 Re8 10. cxd5 Nxd5 11. 0-0 Nf4 12. gxf4 Bxd4 13. Qc1 Nc6 14. e3 Bxb2 15. Qxb2 Qa5 16. Nc4 Qh5 17. Ne5 Bh3 18. Bf3 Qh4 19. Rfd1 Nxe5 20. Qxe5 Rac8 21. Rd2 b6 22. b4 Rc4 23. a3 Rec8 24. Rad1 Rc1 25. Rxc1 Rxc1+ 26. Rd1 Rc8 27. Be2 Qf6 28. Qxf6 exf6 29. f3 Rc2 30. Kf2 Be6 31. Ke1 Ra2 32. Rd3 a5 33. bxa5 bxa5 34. Rc3 a4 35. Bd1 Rxh2 36. Bxa4 h5 37. Bb3 Bxb3 38. Rxb3 Ra2 39. Kf1 Kg7 40. Kg1 g5 41. Rb5 Kh6 42. Rb6 Kg6 43. fxg5 Kxg5 44. Rb8 Kh4 45. Rg8 Rxa3 46. Kf2 Ra2+ 47. Kf1 Kh3 48. Rg7 Ra7 49. f4 h4 50. Kf2 f5 51. Rh7 Ra2+ 52. Kf3 f6 53. Rh6 Ra6 54. Rh5 Ra5 55. Rh6 Ra6 1/2-1/2

[Event "Niedersachsen-ch"]
[Site "Verden an der Aller"]
[Date "2024.01.05"]
[Round "4"]
[White "Knuedel, Torben"]
[Black "Hampel, Felix"]
[Result "0-1"]
[WhiteElo "2287"]
[BlackElo "2294"]
[PlyCount "88"]
[EventDate "2024.01.04"]
[EventType "swiss"]
[EventRounds "7"]
[EventCountry "GER"]
[SourceTitle "CB02_2024"]
[SourceDate "2024.01.10"]
[SourceVersion "1"]
[SourceVersionDate "2024.01.10"]
[SourceQuality "1"]

1. e4 c5 2. Nc3 e6 3. Nf3 Nc6 4. d4 cxd4 5. Nxd4 Qc7 6. f4 a6 7. Nxc6 Qxc6 8. Bd3 b5 9. Qe2 Bb7 10. Bd2 Bc5 11. a3 Ne7 12. 0-0-0 0-0 13. h4 f5 14. h5 d5 15. exd5 exd5 16. h6 g6 17. Qe5 Qf6 18. Rhe1 Qxe5 19. Rxe5 Kf7 20. Rde1 Rfe8 21. Nd1 Bd6 22. Re6 Rad8 23. Nf2 d4 24. Nh3 Bd5 25. R6e2 Kg8 26. Ba5 Rb8 27. Bb4 Bxb4 28. axb4 Kf8 29. Ng5 Bg8 30. g4 fxg4 31. Ne4 Nf5 32. Nc5 Rxe2 33. Rxe2 Rd8 34. Nxa6 Ne3 35. Bxb5 g3 36. Bc6 Bc4 37. Re1 Bxa6 38. b5 Bc8 39. b4 Bf5 40. Kd2 Nxc2 41. Rc1 Nxb4 42. Bg2 Rb8 43. Rc7 Rxb5 44. Rxh7 Kg8 0-1

[Event "Niedersachsen-ch"]
[Site "Verden an der Aller"]
[Date "2024.01.04"]
[Round "1"]
[White "Hampel, Felix"]
[Black "Renner, Kai"]
[Result "1-0"]
[WhiteElo "2294"]
[BlackElo "2153"]
[PlyCount "95"]
[EventDate "2024.01.04"]
[EventType "swiss"]
[EventRounds "7"]
[EventCountry "GER"]
[SourceTitle "CB02_2024"]
[SourceDate "2024.01.10"]
[SourceVersion "1"]
[SourceVersionDate "2024.01.10"]
[SourceQuality "1"]

1. c4 f5 2. Nf3 Nf6 3. g3 g6 4. Bg2 Bg7 5. 0-0 0-0 6. d4 d6 7. Nc3 c6 8. d5 e5 9. dxe6 Bxe6 10. b3 Na6 11. Ng5 Bc8 12. Bb2 Qe7 13. Qc2 h6 14. Nf3 Be6 15. Nh4 Bf7 16. Rae1 d5 17. cxd5 Nb4 18. Qb1 Nfxd5 19. Nxd5 cxd5 20. Bxg7 Kxg7 21. e3 Qf6 22. Rd1 Rfd8 23. Rd2 Rd6 24. Rfd1 Rad8 25. Nf3 g5 26. Nd4 Bg6 27. Qc1 Bh5 28. Bh3 g4 29. Bg2 a6 30. Nxf5+ Qxf5 31. Qc3+ Qf6 32. Qxb4 d4 33. Rxd4 Rxd4 34. Rxd4 Rxd4 35. Qxd4 Qxd4 36. exd4 b6 37. Kf1 Kf6 38. Ke2 Bg6 39. Ke3 Bb1 40. a3 a5 41. h3 gxh3 42. Bxh3 Ba2 43. b4 Bd5 44. bxa5 bxa5 45. f4 Ke7 46. Bg4 Kf6 47. Bf3 Be6 48. d5 1-0

[Event "BL2-Nord 2223"]
[Site "Germany"]
[Date "2022.10.23"]
[Round "2.4"]
[White "Breutigam, Martin"]
[Black "Hampel, Felix"]
[Result "1/2-1/2"]
[WhiteElo "2358"]
[BlackElo "2327"]
[PlyCount "109"]
[EventDate "2022.10.22"]
[EventType "team-tourn"]
[EventRounds "10"]
[EventCountry "GER"]
[SourceTitle "EXT 2024"]
[Source "ChessBase"]
[SourceDate "2023.10.10"]
[SourceVersion "1"]
[SourceVersionDate "2023.10.10"]
[SourceQuality "1"]
[WhiteTeam "Werder Bremen II"]
[BlackTeam "Lister Turm"]
[WhiteTeamCountry "GER"]
[BlackTeamCountry "GER"]

1. e4 c5 2. c3 Nf6 3. e5 Nd5 4. Nf3 e6 5. Bc4 d6 6. d4 cxd4 7. cxd4 Be7 8. 0-0 0-0 9. Bd2 dxe5 10. dxe5 b6 11. Qe2 Bb7 12. Nc3 Nxc3 13. Bxc3 Nc6 14. Rad1 Qc7 15. h4 Nb4 16. Rd4 Rac8 17. a3 Nd5 18. Bd2 Bc5 19. Rg4 h5 20. Rg5 Be7 21. Rc1 Bxg5 22. Nxg5 g6 23. Bxd5 Qxc1+ 24. Bxc1 Rxc1+ 25. Kh2 Bxd5 26. Qd2 Rc4 27. Kh3 Rfc8 28. f3 R8c7 29. Kg3 a5 30. Qe3 R7c6 31. Nh3 Kg7 32. Qg5 Rc7 33. Nf4 Kh7 34. Qd8 Bb7 35. Qf8 R4c5 36. Nh3 Rxe5 37. Ng5+ Rxg5+ 38. hxg5 Rd7 39. Kf4 Rd4+ 40. Ke3 Rd7 41. Qe8 Bc6 42. Qc8 Bb5 43. Qb8 a4 44. Qf8 Bc4 45. Qc8 Bb5 46. Qb8 Bc4 47. Qxb6 Bb3 48. f4 Rd5 49. Qc7 Kg7 50. Ke4 Kg8 51. g3 Kg7 52. Qc8 Rf5 53. Kd4 Rd5+ 54. Ke4 Rf5 55. Kd4 1/2-1/2

[Event "GER-ch Rapid 48th"]
[Site "Goettingen"]
[Date "2022.09.25"]
[Round "9"]
[White "Muckle, Julius"]
[Black "Hampel, Felix"]
[Result "1/2-1/2"]
[WhiteElo "2401"]
[BlackElo "2326"]
[PlyCount "148"]
[EventDate "2022.09.24"]
[EventType "swiss (rapid)"]
[EventRounds "9"]
[EventCountry "GER"]
[SourceTitle "CBM 210 Extra"]
[Source "ChessBase"]
[SourceDate "2022.11.30"]
[SourceVersion "1"]
[SourceVersionDate "2022.11.30"]
[SourceQuality "1"]

1. d4 d5 2. c4 c6 3. Nf3 Nf6 4. b3 a6 5. e3 Bg4 6. Be2 e6 7. 0-0 Bd6 8. h3 Bh5 9. Ne5 Bxe2 10. Qxe2 Nbd7 11. Bb2 0-0 12. Nd2 Qe7 13. e4 dxe4 14. Nxd7 Qxd7 15. Nxe4 Nxe4 16. Qxe4 Be7 17. Rad1 Bf6 18. Rd3 Rad8 19. Rfd1 Qc7 20. Ba3 Rfe8 21. Bc1 Qa5 22. a4 Re7 23. Bd2 Qh5 24. Bb4 Red7 25. Bc5 Qh4 26. Qe3 Bg5 27. Qe2 Rc8 28. Rg3 Be7 29. Rg4 Qf6 30. Bb6 Bd8 31. Bc5 Be7 32. Bxe7 Qxe7 33. Qe5 g6 34. h4 Qd6 35. Qe3 h5 36. Rg5 Rcd8 37. g4 hxg4 38. h5 Kg7 39. hxg6 f5 40. Rh5 Rh8 41. Rxh8 Kxh8 42. Qh6+ Kg8 43. Re1 Re7 44. Qg5 Re8 45. Qf6 Qe7 46. Qxe7 Rxe7 47. d5 cxd5 48. cxd5 e5 49. d6 Rd7 50. Rxe5 Rxd6 51. Rxf5 Rxg6 52. Rf4 g3 53. f3 Rb6 54. b4 Rc6 55. Kg2 Kg7 56. Kxg3 Kg6 57. a5 b6 58. Rd4 Kf5 59. Rd5+ Kf6 60. b5 axb5 61. a6 b4 62. Rb5 b3 63. Rxb3 b5 64. Ra3 Rc8 65. Kf4 b4 66. Ra1 b3 67. a7 b2 68. Ra6+ Kf7 69. Rb6 Ra8 70. Rxb2 Rxa7 71. Kg4 Ra4+ 72. f4 Ra5 73. Rb6 Rc5 74. Rh6 Ra5 1/2-1/2

[Event "GER-ch Rapid 48th"]
[Site "Goettingen"]
[Date "2022.09.24"]
[Round "2"]
[White "Lubbe, Nikolas"]
[Black "Hampel, Felix"]
[Result "1-0"]
[WhiteElo "2479"]
[BlackElo "2326"]
[PlyCount "73"]
[EventDate "2022.09.24"]
[EventType "swiss (rapid)"]
[EventRounds "9"]
[EventCountry "GER"]
[SourceTitle "CBM 210 Extra"]
[Source "ChessBase"]
[SourceDate "2022.11.30"]
[SourceVersion "1"]
[SourceVersionDate "2022.11.30"]
[SourceQuality "1"]

1. d4 d5 2. Nf3 Nf6 3. c4 c6 4. e3 Bf5 5. Nc3 a6 6. Qb3 Ra7 7. Bd2 e6 8. Nh4 Bg4 9. h3 Bh5 10. g4 Nfd7 11. Ng2 Bg6 12. Nf4 dxc4 13. Bxc4 b5 14. Be2 c5 15. Nxg6 hxg6 16. Bf3 Qb6 17. a4 c4 18. Qc2 Rc7 19. axb5 axb5 20. Ra8 Be7 21. Ne4 b4 22. Qa4 0-0 23. 0-0 Rfc8 24. Ra1 Kh7 25. Ra5 c3 26. bxc3 bxc3 27. Bc1 Qb4 28. Qc2 Nc6 29. R5a4 Qb8 30. Ra8 Nb4 31. Rxb8 Nxc2 32. Rxc8 Rxc8 33. Ra7 Ba3 34. Bxa3 Nxa3 35. Bd1 Nf6 36. Ng5+ Kg8 37. Rxa3 1-0

[Event "Oberliga Nord W 2122"]
[Site "Germany"]
[Date "2021.11.21"]
[Round "3.4"]
[White "Elgersma, Onno"]
[Black "Hampel, Felix"]
[Result "0-1"]
[WhiteElo "2263"]
[BlackElo "2306"]
[PlyCount "128"]
[EventDate "2021.10.10"]
[EventType "team-tourn"]
[EventRounds "9"]
[EventCountry "GER"]
[SourceTitle "EXT 2023"]
[Source "ChessBase"]
[SourceDate "2022.10.05"]
[SourceVersion "1"]
[SourceVersionDate "2022.10.05"]
[SourceQuality "1"]
[WhiteTeam "Nordhorn Blanke"]
[BlackTeam "Lister Turm"]
[WhiteTeamCountry "GER"]
[BlackTeamCountry "GER"]

1. d4 d5 2. Nf3 Nf6 3. c4 c6 4. e3 Bf5 5. Bd3 Bxd3 6. Qxd3 e6 7. 0-0 Nbd7 8. Nbd2 Bd6 9. b3 0-0 10. Bb2 Qe7 11. Rad1 Rfd8 12. e4 dxe4 13. Nxe4 Nxe4 14. Qxe4 Nf6 15. Qh4 Ba3 16. Ba1 c5 17. d5 Nxd5 18. cxd5 Qxh4 19. Nxh4 exd5 20. Nf3 Rac8 21. Ne1 Bb4 22. Nc2 Ba5 23. b4 cxb4 24. Ne3 f6 25. Rd3 Bb6 26. Bd4 Bc5 27. Rfd1 a5 28. Bxc5 Rxc5 29. Kf1 Kf7 30. Rxd5 Rdxd5 31. Rxd5 Rc1+ 32. Ke2 b6 33. Rd1 Rc3 34. Rd7+ Ke6 35. Rb7 Ra3 36. Rxb6+ Kd7 37. f4 Rxa2+ 38. Kd3 Kc7 39. Nd5+ Kd7 40. Ne3 Kc7 41. Rb5 Kc6 42. Rb8 Kc5 43. Rg8 g6 44. Rg7 a4 45. Rxh7 Ra3+ 46. Kd2 Ra2+ 47. Kc1 b3 48. Rb7 Re2 49. Nd1 Rxg2 50. h4 Rh2 51. Rc7+ Kb4 52. Rb7+ Ka3 53. Kb1 Rxh4 54. f5 gxf5 55. Kc1 Rh1 56. Kd2 Rxd1+ 57. Kxd1 Ka2 58. Kc1 a3 59. Rb4 f4 60. Rb5 f3 61. Kd1 b2 62. Kc2 f2 63. Rf5 b1Q+ 64. Kd2 Qxf5 0-1

[Event "Titled Tuesday intern op 21st Sept"]
[Site "Chess.com INT"]
[Date "2021.09.21"]
[Round "1"]
[White "Hampel, Felix"]
[Black "Hambleton, Aman"]
[Result "0-1"]
[WhiteElo "2307"]
[BlackElo "2454"]
[PlyCount "80"]
[EventDate "2021.09.21"]
[EventType "swiss (blitz)"]
[EventRounds "9"]
[EventCountry "USA"]
[SourceTitle "EXT 2022"]
[Source "ChessBase"]
[SourceDate "2021.10.06"]
[SourceVersion "1"]
[SourceVersionDate "2021.10.06"]
[SourceQuality "1"]

1. c4 e5 2. Nc3 Bb4 3. Nd5 Bc5 4. Nf3 c6 5. b4 Bf8 6. Nc3 d6 7. d4 Nd7 8. Bb2 Ngf6 9. dxe5 dxe5 10. a3 e4 11. Ng5 e3 12. fxe3 a5 13. c5 axb4 14. axb4 Rxa1 15. Bxa1 Qe7 16. Qd4 b6 17. cxb6 Qxb4 18. g3 Qxb6 19. Qxb6 Nxb6 20. Bg2 Nbd5 21. e4 Ne3 22. Bf3 Nc2+ 23. Kd2 Nxa1 24. Rxa1 h6 25. e5 Nd5 26. Nxd5 cxd5 27. Ra8 Bb4+ 28. Kd1 0-0 29. Ne4 dxe4 30. Bxe4 Be6 31. Ra7 Rd8+ 32. Kc1 Bc5 33. Rc7 Be3+ 34. Kb1 Bd4 35. Rb7 Bxe5 36. g4 Rb8 37. Rxb8+ Bxb8 38. h3 g6 39. Kc2 Kg7 40. Kd3 Kf6 0-1

[Event "Titled Tuesday intern op 31st Aug"]
[Site "Chess.com INT"]
[Date "2021.08.31"]
[Round "2"]
[White "Kovalev, Vladislav"]
[Black "Hampel, Felix"]
[Result "1-0"]
[WhiteElo "2637"]
[BlackElo "2307"]
[PlyCount "137"]
[EventDate "2021.08.31"]
[EventType "swiss (blitz)"]
[EventRounds "11"]
[EventCountry "USA"]
[SourceTitle "EXT 2022"]
[Source "ChessBase"]
[SourceDate "2021.10.06"]
[SourceVersion "1"]
[SourceVersionDate "2021.10.06"]
[SourceQuality "1"]

1. e4 c5 2. Be2 Nc6 3. d3 e6 4. f4 d5 5. Nf3 dxe4 6. dxe4 Qxd1+ 7. Bxd1 Bd7 8. c3 0-0-0 9. Be3 h6 10. Nbd2 Nf6 11. Be2 Be7 12. 0-0-0 Kc7 13. h3 b6 14. g4 Bc8 15. Rhf1 Bb7 16. Ne5 Rhf8 17. Nxc6 Bxc6 18. Bf3 Rd3 19. Rfe1 Rfd8 20. Kc2 Ba4+ 21. b3 Bc6 22. Bg2 Nh7 23. Nc4 Rxd1 24. Rxd1 Rxd1 25. Kxd1 f5 26. Ne5 Bxe4 27. Bxe4 fxe4 28. Ke2 Nf6 29. Bd2 Bd6 30. Ng6 Kc6 31. c4 a6 32. Bc3 b5 33. Ke3 b4 34. Bxf6 gxf6 35. Kxe4 a5 36. f5 e5 37. Nh4 Be7 38. Nf3 Bd6 39. h4 Be7 40. Nd2 Bd6 41. Nf1 Be7 42. Ne3 Bd8 43. Nd5 Kd6 44. Ne3 Kc6 45. Nf1 Kd6 46. Ng3 Kc6 47. Nh5 Kd6 48. Ng7 Be7 49. Ne6 Kc6 50. g5 hxg5 51. hxg5 fxg5 52. Kxe5 g4 53. Kf4 Kd6 54. Kxg4 Ke5 55. Nf4 Bd8 56. Nd5 Kd4 57. Kf4 Bh4 58. f6 Bxf6 59. Nxf6 Kc3 60. Nd7 Kb2 61. Nxc5 Kxa2 62. Ke4 a4 63. bxa4 b3 64. Nxb3 Kxb3 65. c5 Kxa4 66. c6 Kb5 67. c7 Kc6 68. c8Q+ Kd6 69. Qc4 1-0

[Event "Oberliga Nord W 1920"]
[Site "Germany"]
[Date "2021.07.10"]
[Round "8.3"]
[White "Krueger, Robin Kevin"]
[Black "Hampel, Felix"]
[Result "0-1"]
[WhiteElo "2039"]
[BlackElo "2299"]
[PlyCount "60"]
[EventDate "2019.09.29"]
[EventType "team-tourn"]
[EventRounds "9"]
[EventCountry "GER"]
[SourceTitle "EXT 2023"]
[Source "ChessBase"]
[SourceDate "2022.10.05"]
[SourceVersion "1"]
[SourceVersionDate "2022.10.05"]
[SourceQuality "1"]
[WhiteTeam "Tostedt"]
[BlackTeam "Lister Turm"]
[WhiteTeamCountry "GER"]
[BlackTeamCountry "GER"]

1. e4 c5 2. c3 Nf6 3. e5 Nd5 4. d4 cxd4 5. Nf3 e6 6. cxd4 d6 7. Bc4 Be7 8. 0-0 0-0 9. Qe2 b6 10. Rd1 Bb7 11. Bxd5 exd5 12. Nc3 Na6 13. Nb5 dxe5 14. dxe5 Nc5 15. Nfd4 Qd7 16. b4 a6 17. Nc3 Ne4 18. Nxe4 dxe4 19. Be3 Qc7 20. Nf5 Qxe5 21. Nxe7+ Qxe7 22. Bxb6 Qxb4 23. Rab1 Qe7 24. Bc5 Qxc5 25. Rxb7 Qc6 26. Rdd7 Rae8 27. g3 Re6 28. Rdc7 Qd6 29. Rd7 Qe5 30. Qc4 e3 0-1

[Event "Oberliga Nord W 1920"]
[Site "Germany"]
[Date "2020.01.19"]
[Round "5.5"]
[White "Hampel, Felix"]
[Black "Happe, Reinhold"]
[Result "1-0"]
[WhiteElo "2288"]
[BlackElo "2128"]
[PlyCount "101"]
[EventDate "2019.09.29"]
[EventType "team-tourn"]
[EventRounds "9"]
[EventCountry "GER"]
[SourceTitle "CBM 195 Extra"]
[Source "ChessBase"]
[SourceDate "2020.05.31"]
[SourceVersion "1"]
[SourceVersionDate "2020.05.31"]
[SourceQuality "1"]

1. c4 e6 2. Nf3 d5 3. d4 Nf6 4. g3 Bb4+ 5. Nbd2 0-0 6. Bg2 c5 7. cxd5 exd5 8. a3 Bxd2+ 9. Bxd2 c4 10. Ne5 Nc6 11. Bc3 Bf5 12. Nxc6 bxc6 13. 0-0 Re8 14. Re1 Ne4 15. Rc1 Qb6 16. Qa4 Rab8 17. e3 a6 18. f3 Nxc3 19. bxc3 Qb5 20. Qb4 Bd3 21. e4 dxe4 22. fxe4 Qg5 23. Qd6 Rb2 24. Qxc6 Reb8 25. e5 Re2 26. Qf3 Qd2 27. Rf1 Rxg2+ 28. Qxg2 Qxg2+ 29. Kxg2 Bxf1+ 30. Rxf1 Rb2+ 31. Rf2 Rb3 32. Rc2 Rxa3 33. Kf3 Kf8 34. Ke4 Ke7 35. Kd5 f6 36. exf6+ Kxf6 37. Kxc4 Ke6 38. d5+ Kd6 39. Kd4 Ra1 40. Rd2 a5 41. c4 a4 42. c5+ Kd7 43. d6 Kc6 44. Kc4 Rc1+ 45. Kb4 Kd7 46. Rd5 Rb1+ 47. Kxa4 Rb8 48. Rd4 Kc6 49. d7 Rd8 50. Kb4 g5 51. g4 1-0

[Event "Niedersachsen-ch"]
[Site "Verden an der Aller"]
[Date "2020.01.02"]
[Round "2"]
[White "Hampel, Felix"]
[Black "Stotyn, Fabian"]
[Result "1/2-1/2"]
[WhiteElo "2288"]
[BlackElo "2198"]
[PlyCount "95"]
[EventDate "2020.01.02"]
[EventType "swiss"]
[EventRounds "7"]
[EventCountry "GER"]
[SourceTitle "EXT 2021"]
[Source "ChessBase"]
[SourceDate "2020.10.23"]
[SourceVersion "1"]
[SourceVersionDate "2020.10.23"]
[SourceQuality "1"]

1. c4 Nf6 2. Nf3 e6 3. d4 b6 4. g3 Bb7 5. Bg2 Be7 6. 0-0 0-0 7. Nc3 d5 8. Ne5 Nbd7 9. Qa4 c6 10. Rd1 Nxe5 11. dxe5 Nd7 12. e4 dxc4 13. Qxc4 Qc8 14. f4 Ba6 15. Qb3 Rd8 16. Be3 Nc5 17. Qc2 Qc7 18. b4 Bd3 19. Qf2 Nb7 20. a3 c5 21. Rac1 Bc4 22. Nd5 exd5 23. exd5 cxb4 24. d6 Nxd6 25. exd6 Bxd6 26. Bxa8 Rxa8 27. Qd2 Bf8 28. axb4 b5 29. Ra1 h5 30. Qd7 Qxd7 31. Rxd7 Bxb4 32. Rdxa7 Rxa7 33. Rxa7 Bc3 34. Rc7 Bf6 35. Kf2 Kh7 36. Rc5 g6 37. f5 gxf5 38. Rxf5 Kg6 39. Rc5 Be7 40. Rc6+ Be6 41. Bc5 Bxc5+ 42. Rxc5 b4 43. Ke3 b3 44. Rb5 h4 45. g4 Bxg4 46. Rxb3 Be6 47. Rb8 h3 48. Ke4 1/2-1/2

[Event "Oberliga Nord W 1920"]
[Site "Germany"]
[Date "2019.11.24"]
[Round "3.4"]
[White "Van Son, Lutz"]
[Black "Hampel, Felix"]
[Result "0-1"]
[WhiteElo "2144"]
[BlackElo "2283"]
[PlyCount "78"]
[EventDate "2019.09.29"]
[EventType "team-tourn"]
[EventRounds "9"]
[EventCountry "GER"]
[SourceTitle "CBM 195 Extra"]
[Source "ChessBase"]
[SourceDate "2020.05.31"]
[SourceVersion "1"]
[SourceVersionDate "2020.05.31"]
[SourceQuality "1"]

1. e4 c5 2. Nf3 e6 3. d3 Nc6 4. g3 Nf6 5. Bg2 Be7 6. 0-0 0-0 7. Re1 d6 8. c3 Bd7 9. d4 cxd4 10. cxd4 d5 11. e5 Ne4 12. Nbd2 Nxd2 13. Bxd2 Qb6 14. Bc3 a5 15. Bf1 Rfc8 16. Bd3 a4 17. Rc1 Na5 18. h4 Qd8 19. Bc2 b5 20. Qd3 g6 21. a3 Rab8 22. h5 b4 23. axb4 Bxb4 24. hxg6 fxg6 25. Qe3 a3 26. Bxb4 axb2 27. Bc5 bxc1Q 28. Rxc1 Nb7 29. Bxg6 Nxc5 30. Bxh7+ Kxh7 31. Kg2 Kg8 32. Rh1 Qf8 33. dxc5 Rb4 34. Ng5 d4 35. Qd2 Bc6+ 36. f3 Rcb8 37. Kh3 Qh6+ 38. Kg4 Qxh1 39. Qd3 Qh6 0-1

[Event "Oberliga Nord W 1819"]
[Site "Germany"]
[Date "2018.10.21"]
[Round "1.5"]
[White "Nedic, Dusan"]
[Black "Hampel, Felix"]
[Result "0-1"]
[WhiteElo "2320"]
[BlackElo "2206"]
[PlyCount "60"]
[EventDate "2018.10.21"]
[EventType "team-tourn"]
[EventRounds "9"]
[EventCountry "GER"]
[SourceTitle "EXT 2020"]
[Source "ChessBase"]
[SourceDate "2019.10.17"]
[SourceVersion "1"]
[SourceVersionDate "2019.10.17"]
[SourceQuality "1"]
[WhiteTeam "Tostedt"]
[BlackTeam "Lister Turm"]
[WhiteTeamCountry "GER"]
[BlackTeamCountry "GER"]

1. d4 g6 2. c4 Bg7 3. g3 d6 4. Nf3 Nd7 5. Bg2 e5 6. 0-0 Ne7 7. Nc3 0-0 8. e4 exd4 9. Nxd4 Nc6 10. Nde2 a5 11. Be3 Nde5 12. b3 f5 13. Rc1 Ng4 14. Bd2 Nf6 15. exf5 Bxf5 16. h3 h5 17. Nd5 Qd7 18. Nef4 Ne4 19. Be1 Ng5 20. Kh2 Rae8 21. Bc3 Ne5 22. Ne3 Be4 23. Bxe4 Nxe4 24. Bxe5 Rxe5 25. Kg2 Kh7 26. Qd3 Qf7 27. h4 Bh6 28. Nh3 Qf3+ 29. Kh2 Nf6 30. Qd1 Rxe3 0-1

[Event "Oberliga Nord W 1718"]
[Site "Germany"]
[Date "2018.02.25"]
[Round "7.5"]
[White "Traetmar, Mattis"]
[Black "Hampel, Felix"]
[Result "1/2-1/2"]
[WhiteElo "1922"]
[BlackElo "2193"]
[PlyCount "104"]
[EventDate "2017.10.08"]
[EventType "team-tourn"]
[EventRounds "9"]
[EventCountry "GER"]
[SourceTitle "EXT 2019"]
[Source "ChessBase"]
[SourceDate "2018.10.10"]
[SourceVersion "1"]
[SourceVersionDate "2018.10.10"]
[SourceQuality "1"]
[WhiteTeam "Delmenhorst"]
[BlackTeam "Liste Turm"]
[WhiteTeamCountry "GER"]
[BlackTeamCountry "GER"]

1. e4 g6 2. d4 Bg7 3. Nc3 d6 4. Be3 a6 5. a4 Nf6 6. Qd2 Nc6 7. d5 Ne5 8. h3 c6 9. a5 0-0 10. Be2 Ned7 11. Nf3 Qc7 12. 0-0 Nc5 13. Bd3 cxd5 14. exd5 Nxd3 15. Bb6 Qb8 16. cxd3 e5 17. Rac1 Bd7 18. Be3 Qd8 19. Ra1 Nh5 20. Ne4 Bb5 21. Rfc1 Qd7 22. Rc2 f5 23. Neg5 Nf6 24. Ne6 Rfc8 25. Rac1 Nxd5 26. Nxg7 f4 27. Bb6 Kxg7 28. Ng5 Bc6 29. Qe2 Re8 30. Ne4 Nxb6 31. axb6 d5 32. Nc5 Qd6 33. Nxb7 Bxb7 34. Rc7+ Kg8 35. Rxb7 Rab8 36. Ra7 Rxb6 37. Rcc7 Qf6 38. Qc2 Rbe6 39. Rc8 e4 40. Qc7 R6e7 41. Rxe8+ Rxe8 42. Qxh7+ Kf8 43. Qh6+ Kg8 44. dxe4 dxe4 45. Qh7+ Kf8 46. Qh6+ Kg8 47. h4 e3 48. fxe3 fxe3 49. Qh7+ Kf8 50. Qh6+ Kg8 51. Qh7+ Kf8 52. Qh6+ Kg8 1/2-1/2

[Event "Oberliga Nord W 1718"]
[Site "Germany"]
[Date "2018.02.04"]
[Round "6.7"]
[White "Hampel, Felix"]
[Black "Gerstmann, Frank"]
[Result "1-0"]
[WhiteElo "2193"]
[BlackElo "2144"]
[PlyCount "33"]
[EventDate "2017.10.08"]
[EventType "team-tourn"]
[EventRounds "9"]
[EventCountry "GER"]
[SourceTitle "EXT 2019"]
[Source "ChessBase"]
[SourceDate "2018.10.10"]
[SourceVersion "1"]
[SourceVersionDate "2018.10.10"]
[SourceQuality "1"]
[WhiteTeam "Liste Turm"]
[BlackTeam "Hameln"]
[WhiteTeamCountry "GER"]
[BlackTeamCountry "GER"]

1. c4 e5 2. Nc3 Nc6 3. Nf3 d6 4. d4 exd4 5. Nxd4 g6 6. Nd5 Bg7 7. Nb5 Nge7 8. Nbxc7+ Kf8 9. Nxa8 Bf5 10. Nac7 Nd4 11. Bg5 Nxd5 12. Bxd8 Nb4 13. Qa4 Nbc2+ 14. Kd2 b5 15. Qxa7 Nxa1 16. Be7+ Kxe7 17. Nd5+ 1-0